[Event "SVK-chB op"]
[Site "Bratislava"]
[Date "2023.07.02"]
[Round "2"]
[White "Stevik, Patrik1111"]
[Black "Panko, Radoslav"]
[Result "1-0"]
[WhiteElo "2234"]
[BlackElo "2016"]
[PlyCount "121"]
[EventDate "2023.07.01"]
[EventType "swiss"]
[EventRounds "9"]
[EventCountry "SVK"]
[SourceTitle "CBM 215 Extra"]
[Source "ChessBase"]
[SourceDate "2023.09.30"]
[SourceVersion "1"]
[SourceVersionDate "2023.09.30"]
[SourceQuality "1"]

1. d4 d5 2. c4 Nc6 3. Nf3 Bg4 4. cxd5 Bxf3 5. exf3 Qxd5 6. Be3 e6 7. Nc3 Qh5 8. Bb5 Nge7 9. Qa4 a6 10. Rd1 Rd8 11. Be2 Qa5 12. Qxa5 Nxa5 13. Bf4 Rd7 14. Ne4 Nac6 15. Nc5 Rxd4 16. Rxd4 Nxd4 17. Nxb7 Nd5 18. Bd2 Nxe2 19. Kxe2 Kd7 20. Rc1 Bd6 21. Nc5+ Bxc5 22. Rxc5 Rb8 23. b3 Rb5 24. Rc4 Rb6 25. Rh4 h6 26. Rg4 g5 27. h4 f6 28. hxg5 hxg5 29. f4 gxf4 30. Bxf4 e5 31. Bd2 c5 32. Rc4 Rc6 33. f4 exf4 34. Kf3 Ke6 35. Bxf4 Nb6 36. Rc1 Nd7 37. Re1+ Ne5+ 38. Bxe5 fxe5 39. Rc1 Kd5 40. Rd1+ Ke6 41. Ke4 Rb6 42. Rc1 Kd6 43. Rc4 a5 44. Ra4 Ra6 45. g4 Ra8 46. g5 Rf8 47. Rxa5 Rf4+ 48. Ke3 Rg4 49. g6 Kd5 50. Ra6 e4 51. Rb6 Rg3+ 52. Kf2 Rf3+ 53. Ke2 Rg3 54. a4 c4 55. bxc4+ Kxc4 56. a5 Kc5 57. Rf6 Kd5 58. a6 Ke5 59. Rb6 Kf5 60. a7 Ra3 61. g7 1-0

[Event "SVK-chT1E 2223"]
[Site "Slovakia"]
[Date "2023.01.14"]
[Round "7.4"]
[White "Tropp, Lukas"]
[Black "Panko, Radoslav"]
[Result "1/2-1/2"]
[WhiteElo "2167"]
[BlackElo "2048"]
[PlyCount "44"]
[EventDate "2022.10.15"]
[EventType "team-tourn"]
[EventRounds "11"]
[EventCountry "SVK"]
[SourceTitle "EXT 2024"]
[Source "ChessBase"]
[SourceDate "2023.10.10"]
[SourceVersion "1"]
[SourceVersionDate "2023.10.10"]
[SourceQuality "1"]
[WhiteTeam "Kosice Slavia UPJS"]
[BlackTeam "Michalovce Zemplin"]
[WhiteTeamCountry "SVK"]
[BlackTeamCountry "SVK"]

1. e4 e6 2. Nf3 d5 3. Nc3 d4 4. Ne2 c5 5. c3 Nf6 6. e5 Nfd7 7. cxd4 cxd4 8. Nexd4 Nxe5 9. Bb5+ Nec6 10. 0-0 Bd7 11. Nxc6 Bxc6 12. Bc4 Be7 13. Ne5 Qd4 14. Nxc6 Nxc6 15. d3 0-0 16. Be3 Qd6 17. Qb3 b6 18. Rac1 Bf6 19. Ba6 Rad8 20. Qa4 Nd4 21. Bxd4 Qxd4 22. Qxd4 Bxd4 1/2-1/2

[Event "SVK-chT2D 2122"]
[Site "Slovakia"]
[Date "2022.03.27"]
[Round "9.2"]
[White "Panko, Radoslav"]
[Black "Kratochvil, Karel"]
[Result "1/2-1/2"]
[WhiteElo "2013"]
[BlackElo "2113"]
[PlyCount "20"]
[EventDate "2021.10.16"]
[EventType "team-tourn"]
[EventRounds "11"]
[EventCountry "SVK"]
[SourceTitle "EXT 2023"]
[Source "ChessBase"]
[SourceDate "2022.10.05"]
[SourceVersion "1"]
[SourceVersionDate "2022.10.05"]
[SourceQuality "1"]
[WhiteTeam "Stropkov/Svidnik"]
[BlackTeam "Margecany"]
[WhiteTeamCountry "SVK"]
[BlackTeamCountry "SVK"]

1. e4 g6 2. d4 Bg7 3. Nc3 c5 4. dxc5 Qa5 5. Bd2 Qxc5 6. Nd5 Na6 7. Nf3 e6 8. Bxa6 exd5 9. Bd3 dxe4 10. Bxe4 d5 1/2-1/2

[Event "SVK-chT1E 2122"]
[Site "Slovakia"]
[Date "2022.02.26"]
[Round "4.3"]
[White "Panko, Radoslav"]
[Black "Turcan, Richard"]
[Result "0-1"]
[WhiteElo "2013"]
[BlackElo "2322"]
[PlyCount "94"]
[EventDate "2022.01.29"]
[EventType "team-tourn"]
[EventRounds "11"]
[EventCountry "SVK"]
[SourceTitle "EXT 2023"]
[Source "ChessBase"]
[SourceDate "2022.10.05"]
[SourceVersion "1"]
[SourceVersionDate "2022.10.05"]
[SourceQuality "1"]
[WhiteTeam "Bardejov"]
[BlackTeam "Banska Bystrica Junior"]
[WhiteTeamCountry "SVK"]
[BlackTeamCountry "SVK"]

1. d4 c5 2. d5 e5 3. e4 d6 4. Nc3 a6 5. a4 g6 6. h4 Bg7 7. h5 f5 8. exf5 Bxf5 9. g4 Bc8 10. hxg6 hxg6 11. Rxh8 Bxh8 12. Qd3 Qf6 13. Ne4 Qf8 14. Qh3 Nf6 15. Bh6 Bg7 16. Bxg7 Qxg7 17. Nxd6+ Kd8 18. Nxc8 Kxc8 19. g5+ Nfd7 20. Qe6 Kd8 21. Bh3 a5 22. Bf1 Na6 23. 0-0-0 Nc7 24. Qg4 Qf7 25. Qf3 Qe7 26. Nh3 Ne8 27. Bd3 Nd6 28. Bxg6 Kc7 29. Qg4 Rh8 30. Bf5 Rxh3 31. Qxh3 Qxg5+ 32. Kb1 Nxf5 33. Qc3 b6 34. Qc4 Nd4 35. c3 Qf5+ 36. Rd3 e4 37. Rxd4 e3+ 38. Ka2 Ne5 39. d6+ Kd8 40. Qg8+ Kd7 41. Qg7+ Nf7 42. Rd1 exf2 43. Rf1 Qe6+ 44. Ka3 b5 45. c4 Qxc4 46. axb5 a4 47. Qc3 Qxf1 0-1

[Event "SVK-chT2D 2122"]
[Site "Slovakia"]
[Date "2022.02.12"]
[Round "5.2"]
[White "Panko, Radoslav"]
[Black "Haborak, Kristian"]
[Result "0-1"]
[WhiteElo "2013"]
[BlackElo "2066"]
[PlyCount "96"]
[EventDate "2021.10.16"]
[EventType "team-tourn"]
[EventRounds "11"]
[EventCountry "SVK"]
[SourceTitle "EXT 2023"]
[Source "ChessBase"]
[SourceDate "2022.10.05"]
[SourceVersion "1"]
[SourceVersionDate "2022.10.05"]
[SourceQuality "1"]
[WhiteTeam "Stropkov/Svidnik"]
[BlackTeam "Presov Tatran Dason"]
[WhiteTeamCountry "SVK"]
[BlackTeamCountry "SVK"]

1. d4 d5 2. Bg5 Nf6 3. Bxf6 gxf6 4. c4 c6 5. e3 e5 6. Nc3 Qb6 7. Qc2 Be6 8. Nf3 Nd7 9. c5 Qc7 10. b4 Bg7 11. g3 0-0 12. Nh4 f5 13. Nxf5 Bxf5 14. Qxf5 exd4 15. Bd3 Rfe8 16. Qxh7+ Kf8 17. Ne2 dxe3 18. Rd1 exf2+ 19. Kxf2 a5 20. Rhf1 axb4 21. Kg1 Nf6 22. Rxf6 Bxf6 23. Rf1 Qe5 24. Nf4 Qd4+ 25. Kh1 Ke7 26. Bf5 Rg8 27. Ng6+ Rxg6 28. Bxg6 Rf8 29. Bd3 Qxc5 30. Qf5 Qd6 31. Rf3 Qe5 32. Qxe5+ Bxe5 33. h4 c5 34. h5 c4 35. Bf5 d4 36. Kg2 Ra8 37. Bb1 d3 38. Kf2 Rd8 39. Ke1 Bc3+ 40. Kd1 Kf8 41. g4 Kg7 42. g5 Rd5 43. g6 f6 44. Rh3 Kh6 45. Rh1 Rg5 46. Kc1 f5 47. Rd1 Rg3 48. Rh1 f4 0-1

[Event "SVK League Cup 1st"]
[Site "Tornelo INT"]
[Date "2021.03.28"]
[Round "2"]
[White "Sustek, Mikulas"]
[Black "Panko, Radoslav"]
[Result "0-1"]
[WhiteElo "1507"]
[BlackElo "2044"]
[PlyCount "37"]
[EventDate "2021.03.27"]
[EventType "swiss"]
[EventRounds "8"]
[EventCountry "SVK"]
[SourceTitle "EXT 2022"]
[Source "ChessBase"]
[SourceDate "2021.10.06"]
[SourceVersion "1"]
[SourceVersionDate "2021.10.06"]
[SourceQuality "1"]

1. Nf3 e6 2. c4 Nf6 3. e3 d5 4. b3 Nbd7 5. Bb2 Bd6 6. Nc3 a6 7. Qc2 0-0 8. Be2 b6 9. 0-0-0 Bb7 10. Rhg1 c5 11. Bd3 b5 12. cxb5 Qa5 13. bxa6 Bxa6 14. Qb1 Rfc8 15. Bc2 c4 16. Nd4 Rab8 17. f4 Nc5 18. Rdf1 cxb3 19. a3 0-1

[Event "FIDE World Uni Rapid-C 1st"]
[Site "Tornelo INT"]
[Date "2021.03.20"]
[Round "6"]
[White "Rakhimzhan, Alen"]
[Black "Panko, Radoslav"]
[Result "1-0"]
[WhiteElo "2273"]
[BlackElo "2044"]
[PlyCount "73"]
[EventDate "2021.03.20"]
[EventType "swiss (rapid)"]
[EventRounds "12"]
[EventCountry "NET"]
[SourceTitle "CBM 201 Extra"]
[Source "ChessBase"]
[SourceDate "2021.05.31"]
[SourceVersion "1"]
[SourceVersionDate "2021.05.31"]
[SourceQuality "1"]

1. d4 e6 2. c4 b6 3. Nc3 Bb7 4. Qc2 Bb4 5. Nf3 Nf6 6. e3 Ne4 7. Bd3 f5 8. Nd2 Bxc3 9. bxc3 Nxd2 10. Bxd2 0-0 11. 0-0 d6 12. c5 Qg5 13. e4 f4 14. cxd6 cxd6 15. Qb3 d5 16. e5 Nc6 17. Rae1 Rac8 18. Kh1 Qh4 19. Qd1 Na5 20. Qf3 g5 21. g3 fxg3 22. Qxg3 Qxg3 23. hxg3 h6 24. Kg2 Nc4 25. Bc1 Kg7 26. f4 Na5 27. fxg5 hxg5 28. Bxg5 Rxf1 29. Rxf1 Rxc3 30. Bf6+ Kg8 31. Bg6 Nc4 32. Rh1 Ne3+ 33. Kf3 Nf5+ 34. Kf4 Ng7 35. Rh7 Rc7 36. Kg5 Kf8 37. Rh8# 1-0

[Event "FIDE World Uni Blitz-C 1st"]
[Site "Tornelo INT"]
[Date "2021.03.13"]
[Round "10.29"]
[White "Leeb, Simon"]
[Black "Panko, Radoslav"]
[Result "1-0"]
[WhiteElo "2207"]
[BlackElo "2044"]
[PlyCount "75"]
[EventDate "2021.03.13"]
[EventType "swiss (blitz)"]
[EventRounds "10"]
[EventCountry "NET"]
[SourceTitle "EXT 2022"]
[Source "ChessBase"]
[SourceDate "2021.10.06"]
[SourceVersion "1"]
[SourceVersionDate "2021.10.06"]
[SourceQuality "1"]

1. e4 e6 2. Nf3 d5 3. exd5 exd5 4. b3 Bg4 5. Be2 Nc6 6. 0-0 Bd6 7. Bb2 f6 8. Re1 Nge7 9. Nd4 Bxe2 10. Qxe2 Nxd4 11. Bxd4 Qd7 12. Qh5+ g6 13. Qf3 0-0 14. Bb2 c6 15. Nc3 Nf5 16. Ne2 Be5 17. d4 Bc7 18. g3 Nd6 19. Nc3 f5 20. Qd3 f4 21. Re2 Qg4 22. Rae1 Nf5 23. Nd1 f3 24. Rd2 Nxg3 25. fxg3 f2+ 26. Nxf2 Qf5 27. Qxf5 Rxf5 28. Rde2 Raf8 29. Nd3 Bb6 30. c3 Bc7 31. Bc1 Rf3 32. Re3 Bd8 33. Rxf3 Rxf3 34. Re3 Rf7 35. Nf4 Bg5 36. Re8+ Kg7 37. Ne6+ Kh6 38. Nxg5 1-0

[Event "FIDE World Uni Blitz-C 1st"]
[Site "Tornelo INT"]
[Date "2021.03.13"]
[Round "8.56"]
[White "Saurav, Suman"]
[Black "Panko, Radoslav"]
[Result "0-1"]
[WhiteElo "1189"]
[BlackElo "2044"]
[PlyCount "138"]
[EventDate "2021.03.13"]
[EventType "swiss (blitz)"]
[EventRounds "10"]
[EventCountry "NET"]
[SourceTitle "EXT 2022"]
[Source "ChessBase"]
[SourceDate "2021.10.06"]
[SourceVersion "1"]
[SourceVersionDate "2021.10.06"]
[SourceQuality "1"]

1. e4 e6 2. Nf3 d5 3. exd5 exd5 4. d4 Nc6 5. c4 Bb4+ 6. Nc3 Nge7 7. Be2 Bg4 8. 0-0 0-0 9. Bg5 f6 10. Bf4 Bd6 11. Bxd6 Qxd6 12. cxd5 Nxd5 13. Bc4 Nce7 14. Re1 c6 15. Qb3 Bxf3 16. gxf3 b5 17. Bxd5+ Nxd5 18. Nxd5 Qxd5 19. Qxd5+ cxd5 20. Re7 Rfe8 21. Rd7 Red8 22. Rb7 a6 23. Rc1 Rdc8 24. Re1 Re8 25. Rc1 Rac8 26. Rxc8 Rxc8 27. Rd7 Rc2 28. b4 Rc4 29. Rxd5 Rxb4 30. Rd6 Ra4 31. d5 Rxa2 32. Rd7 Rd2 33. d6 h6 34. Rd8+ Kh7 35. d7 b4 36. Rb8 Rxd7 37. Rxb4 Ra7 38. Ra4 a5 39. Kf1 Kg6 40. Ke2 Kf5 41. Ke3 Ke5 42. f4+ Kd5 43. Kd3 Kc5 44. Kc3 Kb5 45. Ra3 a4 46. h4 Rc7+ 47. Kd4 Kb4 48. Ra2 a3 49. f3 Rd7+ 50. Ke4 Kb3 51. Ra1 a2 52. Kf5 Kb2 53. Re1 a1Q 54. Rxa1 Kxa1 55. h5 Ra7 56. Kg6 Kb2 57. f5 Kc3 58. f4 Kd4 59. Kh7 Ke4 60. Kg6 Kxf4 61. Kh7 Kxf5 62. Kg8 Kg5 63. Kh7 Kxh5 64. Kg8 Kg6 65. Kf8 f5 66. Ke8 f4 67. Kd8 f3 68. Kc8 f2 69. Kb8 Re7 0-1

[Event "Skalica Rapid op"]
[Site "Skalica"]
[Date "2020.08.29"]
[Round "7"]
[White "Panko, Radoslav"]
[Black "Petran, Peter"]
[Result "1-0"]
[WhiteElo "1913"]
[BlackElo "2219"]
[PlyCount "59"]
[EventDate "2020.08.29"]
[EventType "swiss (rapid)"]
[EventRounds "7"]
[EventCountry "SVK"]
[SourceTitle "CBM 198 Extra"]
[Source "ChessBase"]
[SourceDate "2020.11.30"]
[SourceVersion "1"]
[SourceVersionDate "2020.11.30"]
[SourceQuality "1"]

1. e4 g6 2. d4 Bg7 3. Nc3 c6 4. h4 h5 5. Nf3 d6 6. Be2 b5 7. a3 Nf6 8. Bf4 Nbd7 9. e5 dxe5 10. dxe5 Ng4 11. e6 fxe6 12. Bd3 Nf8 13. Qe2 Qb6 14. 0-0 Bd7 15. Ne5 Nxe5 16. Bxe5 Bxe5 17. Qxe5 Rg8 18. Ne4 Qb8 19. Qc3 Qb6 20. Nc5 0-0-0 21. b4 g5 22. hxg5 Rxg5 23. a4 Ng6 24. f4 Rg3 25. axb5 Nh4 26. Rf2 Rdg8 27. Qd2 Rxg2+ 28. Kh1 cxb5 29. Be4 Bc6 30. Rxg2 1-0

[Event "Skalica Masters op"]
[Site "Skalica"]
[Date "2020.08.25"]
[Round "4"]
[White "Rosol, Alexander"]
[Black "Panko, Radoslav"]
[Result "1-0"]
[WhiteElo "1923"]
[BlackElo "2039"]
[PlyCount "55"]
[EventDate "2020.08.23"]
[EventType "swiss"]
[EventRounds "9"]
[EventCountry "SVK"]
[SourceTitle "CBM 198 Extra"]
[Source "ChessBase"]
[SourceDate "2020.11.30"]
[SourceVersion "1"]
[SourceVersionDate "2020.11.30"]
[SourceQuality "1"]

1. e4 e6 2. d4 d5 3. Nd2 h6 4. c3 c5 5. exd5 exd5 6. Ngf3 Nf6 7. Bd3 c4 8. Be2 Bd6 9. 0-0 0-0 10. b3 cxb3 11. axb3 Re8 12. Bd3 Nc6 13. Ba3 Ne4 14. Bxd6 Qxd6 15. Qc2 Bf5 16. Nh4 Bh7 17. f3 Qf4 18. fxe4 Qe3+ 19. Kh1 dxe4 20. Bc4 Nd8 21. Rae1 Qg5 22. Nxe4 Qxh4 23. Nf6+ gxf6 24. Rxe8+ Kg7 25. Qe2 f5 26. Rf3 Bg6 27. Qe5+ Qf6 28. Rg8+ 1-0

[Event "Skalica Masters op"]
[Site "Skalica"]
[Date "2020.08.24"]
[Round "2"]
[White "Skalka, Michal"]
[Black "Panko, Radoslav"]
[Result "1-0"]
[WhiteElo "1794"]
[BlackElo "2039"]
[PlyCount "151"]
[EventDate "2020.08.23"]
[EventType "swiss"]
[EventRounds "9"]
[EventCountry "SVK"]
[SourceTitle "CBM 198 Extra"]
[Source "ChessBase"]
[SourceDate "2020.11.30"]
[SourceVersion "1"]
[SourceVersionDate "2020.11.30"]
[SourceQuality "1"]

1. e4 e6 2. d4 d5 3. e5 c5 4. c3 Nc6 5. Nf3 Bd7 6. Be2 f6 7. 0-0 fxe5 8. Nxe5 Nxe5 9. dxe5 Qc7 10. Bf4 0-0-0 11. Nd2 Nh6 12. Nf3 Nf7 13. Qd2 h6 14. Bd3 g5 15. Bg3 Be7 16. Bg6 Rdf8 17. b4 c4 18. Qe3 Qb6 19. Qxb6 axb6 20. Bh5 Ba4 21. Nd4 Nd8 22. f4 Bd7 23. a4 Nc6 24. Ne2 gxf4 25. Nxf4 Bg5 26. Ng6 Rxf1+ 27. Rxf1 Rg8 28. Nf4 Nxe5 29. Nxd5 exd5 30. Bxe5 Be6 31. Bd4 Bd8 32. Bf7 Bxf7 33. Rxf7 Rg5 34. Kf2 Bc7 35. g3 h5 36. Rf6 Rg4 37. Rf5 h4 38. Be5 hxg3+ 39. Bxg3 Bxg3+ 40. hxg3 d4 41. Kf3 Rg8 42. Rf4 dxc3 43. Rxc4+ Kd7 44. Rxc3 Ra8 45. Ra3 Ke6 46. a5 bxa5 47. Rxa5 Rc8 48. Rb5 Rc7 49. g4 Kf6 50. Kg3 Kg6 51. Kh4 Rh7+ 52. Rh5 Rd7 53. Rg5+ Kf6 54. Rb5 Kg6 55. Rb6+ Kg7 56. g5 Rd4+ 57. Kg3 Rd7 58. Kf4 Re7 59. Kf5 Kf7 60. Rh6 Kg7 61. Re6 Rc7 62. Ke5 Rc4 63. Rb6 Rg4 64. Kf5 Rd4 65. Rxb7+ Kg8 66. g6 Rd1 67. b5 Rf1+ 68. Ke5 Rg1 69. g7 Rd1 70. b6 Rd2 71. Rc7 Re2+ 72. Kd6 Rd2+ 73. Kc6 Rc2+ 74. Kd7 Rb2 75. b7 Kxg7 76. Kc8+ 1-0

[Event "Skalica Masters op"]
[Site "Skalica"]
[Date "2020.08.23"]
[Round "1"]
[White "Panko, Radoslav"]
[Black "Haring, Filip"]
[Result "0-1"]
[WhiteElo "2039"]
[BlackElo "2314"]
[PlyCount "40"]
[EventDate "2020.08.23"]
[EventType "swiss"]
[EventRounds "9"]
[EventCountry "SVK"]
[SourceTitle "CBM 198 Extra"]
[Source "ChessBase"]
[SourceDate "2020.11.30"]
[SourceVersion "1"]
[SourceVersionDate "2020.11.30"]
[SourceQuality "1"]

1. d4 Nf6 2. Bg5 e6 3. e3 h6 4. Bh4 c5 5. c3 b6 6. Nd2 Bb7 7. Ngf3 cxd4 8. exd4 Be7 9. Bd3 Nc6 10. Qe2 Nd5 11. Bxe7 Ncxe7 12. g3 0-0 13. Ba6 Bxa6 14. Qxa6 b5 15. Ne5 d6 16. Nd3 Nc7 17. Qb7 d5 18. Ne5 Qd6 19. Ne4 dxe4 20. Qxe4 Qd5 0-1